| 000 | 00365nam a22001217a 4500 | ||
|---|---|---|---|
| 999 |
_c15322 _d15322 |
||
| 082 |
_a631.37 _bSHA/DE |
||
| 100 |
_aSHAJI JAMES P _92972 |
||
| 245 | _aDesign, development and evaluation of a power tiller operated bed former | ||
| 260 |
_aTavanur _bKelappaji College of Agricultural Engineering and Technology _c1991 |
||
| 300 | _a112 | ||
| 500 | _aThesis | ||
| 942 | _cTH | ||